00552nam a2200169Ia 4500008004100000020001800041041000800059082001600067100002500083245004600108250000600154260006100160300001300221650002000234999001900254952010900273210716s2008 xx 000 0 und d a9780070221079 aeng a657.42 KHAM aKhan, M Y;Jain, P K. aCost accounting and financial management. a3 aNew DelhibTata McGraw Hill Publishing Company Ltdc2008 a14.6,1.7 aCost Accounting c202680d202680 001040708MBAaAIMITbAIMITd2008-09-30l0o657.42 KHAMpMBA05246r2026-05-23 00:00:00w2021-07-16yBK